| 000 | 01079nam a22002777a 4500 | ||
|---|---|---|---|
| 005 | 20160220020003.0 | ||
| 008 | 150626b2010 ck ||||| |||| 00| 0 spa d | ||
| 040 |
_aCo-BoIAVH _cCo-BoIAVH |
||
| 041 | 0 | _aspa | |
| 044 | _ack | ||
| 082 | 4 |
_a571.2 _bC85p |
|
| 100 | 1 | _aCórdoba Cardenas, Sergio | |
| 245 | 1 | 0 |
_aPropagación de especies nativas de la Región Andina/ _cCórdoba Cardenas, Sergio... [et. al.] |
| 260 | 3 |
_aBogotá: _bJardín Botánico José Celestino Mutis, _c2010. |
|
| 300 |
_a184 p. _bfot., tab., col. _c28 cm. |
||
| 500 | _aIncluye glosario, índices de figuras, tablas, nombres científicos y nombres comunes, | ||
| 504 | _aIncluye bibliografía p. 174-180. | ||
| 650 | 4 |
_aPlantas _xReproducción _zRegión Andina |
|
| 650 | 4 |
_aPlantas _xGuía _zRegión Andina |
|
| 650 | 4 |
_aPlantas _xClasificación _zRegión Andina |
|
| 700 | 1 | _aGúzman Castañeda, Jaime | |
| 700 | 1 | _aPérez Martínez, Jaime | |
| 700 | 1 | _aZúñiga Upegui, Pamela | |
| 700 | 1 | _aPacheco Salamanca, Ricardo | |
| 942 |
_2ddc _cLIBRO _01 |
||
| 999 |
_c17489 _d17489 |
||